| 000 | 00727nam a22002417a 4500 | ||
|---|---|---|---|
| 008 | 131116b xxu||||| |||| 00| 0 eng d | ||
| 020 | _a81-7341-142-5 | ||
| 024 | _cAvailable | ||
| 037 | _cAvaialble | ||
| 040 |
_aMBSTU LBIRARY _dMBSTU LBIRARY |
||
| 082 |
_222 _a557-46080984 SIO |
||
| 100 | _aSingh, R.K. | ||
| 245 | _aOceanographic environment. | ||
| 260 |
_a Delhi _bIndian Publishers and Distributors. _c2000 |
||
| 300 |
_a22 cm. _b329 page _f1 _g22 cm. |
||
| 600 | _2Environment- sea water. | ||
| 650 | _2Environment- sea water. | ||
| 700 | _aSingh, R.K. | ||
| 270 |
_a Delhi _b Delhi _dIndia |
||
| 365 |
_b863.00 _d863.00 |
||
| 942 |
_2ddc _cBK |
||
| 999 |
_c838 _d838 |
||